Diseño de estructuras metálicas: método ASD
Guardat en:
| Autor principal: | |
|---|---|
| Format: | Llibre |
| Idioma: | espanyol |
| Publicat: |
Ciudad de México
Alfaomega
1999
|
| Edició: | 4a. ed |
| Matèries: | |
| Etiquetes: |
Afegir etiqueta
Sense etiquetes, Sigues el primer a etiquetar aquest registre!
|
MARC
| LEADER | 00000cam a2200000 a 4500 | ||
|---|---|---|---|
| 001 | UCG4725 | ||
| 003 | CL-VaPUC | ||
| 008 | 101125e19990200MX |||||||||||||||||spa|d | ||
| 020 | |a 9701502221 | ||
| 082 | 0 | 4 | |a 624.182 |b MCC |2 21 |
| 100 | |a McCormac, Jack C. |e autor |9 599954 | ||
| 245 | 1 | 0 | |a Diseño de estructuras metálicas: método ASD |
| 250 | |a 4a. ed | ||
| 300 | |a 740 p | ||
| 942 | |c BK | ||
| 945 | |d 20101125 00:00:00 |a mfarfan | ||
| 260 | |a Ciudad de México |b Alfaomega |c 1999 | ||
| 650 | 0 | |a Vigas |9 363949 | |
| 650 | 7 | |a FLEXION |2 CL-VaPUC |9 471607 | |
| 650 | 7 | |a TENSION |2 CL-VaPUC |9 362336 | |
| 583 | |a last modification |c 20120117 08:32:31 |k Rodrigo Vera | ||
| 999 | |c 343374 |d 343372 | ||
| 952 | |0 0 |1 0 |4 0 |6 624_182000000000000_MCC_1999 |7 0 |8 A |9 440643 |a BIBMEC |b BIBMEC |d 2019-11-22 |i 473789K |l 1 |o 624.182 MCC 1999 |p 473789K |r 2024-04-26 |s 2022-10-28 |w 2019-11-22 |y BK |k MEC | ||
| 952 | |0 0 |1 0 |4 0 |6 624_182000000000000_MCC_1999 |7 0 |8 A |9 440644 |a BIBING |b BIBING |d 2019-11-22 |i 4839943 |o 624.182 MCC 1999 |p 4839943 |r 2025-01-20 |w 2019-11-22 |y BK |k CCL | ||
| 952 | |0 0 |1 0 |4 0 |6 624_182000000000000_MCC_1999 |7 0 |8 A |9 440645 |a BIBING |b BIBING |d 2019-11-22 |i 4839951 |o 624.182 MCC 1999 |p 4839951 |r 2025-01-20 |w 2019-11-22 |y BK |k CCL | ||
| 952 | |0 0 |1 0 |4 0 |6 624_182000000000000_MCC_1999 |7 0 |8 A |9 440646 |a BIBING |b BIBING |d 2019-11-22 |i 483996K |o 624.182 MCC 1999 |p 483996K |r 2025-01-20 |w 2019-11-22 |y BK |k CCL | ||
| 952 | |0 0 |1 0 |4 0 |6 624_182000000000000_MCC_1999 |7 0 |8 A |9 440647 |a BIBING |b BIBING |d 2019-11-22 |i 4839978 |o 624.182 MCC 1999 |p 4839978 |r 2025-01-20 |w 2019-11-22 |y BK |k CCL | ||